| 000 | 00559nam a22001697a 4500 | ||
|---|---|---|---|
| 005 | 20250919085614.0 | ||
| 008 | 250917b |||||||| |||| 00| 0 eng d | ||
| 020 | _a9789349320727 | ||
| 082 | _aDC 507 N143 2025 | ||
| 100 |
_aNair, Sara. _967602 |
||
| 245 |
_aFundamentals of science education / _cSara Nair. |
||
| 260 |
_aIndia : _bAsia Publishers and Distributors, _c©2025. |
||
| 300 |
_axi, 326 pages : _billustrations ; _c25 cm. |
||
| 500 | _aIncludes references and index. | ||
| 650 | 0 |
_aScience _967857 _vStudy and teaching (Secondary). |
|
| 942 |
_2ddc _cDC |
||
| 999 |
_c23792 _d23792 |
||